[Event "HUN-chT2 Breyer 1819"]
[Site "Hungary"]
[Date "2019.04.28"]
[Round "9.5"]
[White "Szabo, Lajos"]
[Black "Somody, Robert"]
[Result "1/2-1/2"]
[WhiteElo "2013"]
[BlackElo "1964"]
[PlyCount "68"]
[EventDate "2018.10.28"]
[EventType "team-tourn"]
[EventRounds "9"]
[EventCountry "HUN"]
[SourceTitle "EXT 2021"]
[Source "ChessBase"]
[SourceDate "2020.10.23"]
[SourceVersion "1"]
[SourceVersionDate "2020.10.23"]
[SourceQuality "1"]
[WhiteTeam "Esztergom"]
[BlackTeam "Kisber Aszar"]
[WhiteTeamCountry "HUN"]
[BlackTeamCountry "HUN"]

1. c4 c6 2. Nf3 d5 3. e3 Nf6 4. Nc3 Bg4 5. cxd5 cxd5 6. Qa4+ Nc6 7. Ne5 Bd7 8. Nxd7 Qxd7 9. Be2 e5 10. d4 exd4 11. exd4 Bb4 12. Be3 0-0 13. 0-0 Rfe8 14. Bf3 Bxc3 15. bxc3 Ne5 16. Bd1 Nc4 17. Qxd7 Nxd7 18. Ba4 Nxe3 19. fxe3 Re7 20. Bxd7 Rxd7 21. Rac1 Rc8 22. Rc2 g6 23. Kf2 Rdc7 24. Rfc1 f5 25. g3 Kf7 26. Ke2 Ke6 27. Kd3 Rc4 28. Rg1 b5 29. Rb1 a6 30. Rb3 Ra4 31. Rcb2 h5 32. Rb4 Ra3 33. R4b3 Ra4 34. Rb4 Ra3 1/2-1/2

[Event "HUN-chT4 Chalupetzky 1819"]
[Site "Hunagry"]
[Date "2019.03.24"]
[Round "8.2"]
[White "Horvath, Tibor"]
[Black "Somody, Robert"]
[Result "0-1"]
[WhiteElo "1848"]
[BlackElo "1968"]
[PlyCount "44"]
[EventDate "2018.10.14"]
[EventType "team-tourn"]
[EventRounds "10"]
[EventCountry "HUN"]
[SourceTitle "EXT 2020"]
[Source "ChessBase"]
[SourceDate "2019.10.17"]
[SourceVersion "1"]
[SourceVersionDate "2019.10.17"]
[SourceQuality "1"]
[WhiteTeam "KSE Level"]
[BlackTeam "Toltestava Tornado"]
[WhiteTeamCountry "HUN"]
[BlackTeamCountry "HUN"]

1. d4 d5 2. e4 c6 3. f3 e5 4. Nc3 dxe4 5. Nxe4 Qxd4 6. Bd3 Nf6 7. Ne2 Qb6 8. N2c3 Bb4 9. Bg5 Nxe4 10. Bxe4 0-0 11. Qd3 f5 12. Qc4+ Kh8 13. Bd3 Qc5 14. Qh4 Bxc3+ 15. bxc3 Qxc3+ 16. Ke2 Qd4 17. g4 e4 18. fxe4 fxe4 19. Raf1 exd3+ 20. cxd3 Bxg4+ 21. Kd2 Na6 22. Be3 Qb2+ 0-1

[Event "HUN-chT2 Breyer 1819"]
[Site "Hungary"]
[Date "2019.01.27"]
[Round "4.5"]
[White "Molnar, Aurel"]
[Black "Somody, Robert"]
[Result "1-0"]
[WhiteElo "1626"]
[BlackElo "1964"]
[PlyCount "55"]
[EventDate "2018.10.28"]
[EventType "team-tourn"]
[EventRounds "9"]
[EventCountry "HUN"]
[SourceTitle "CBM 189 Extra"]
[Source "ChessBase"]
[SourceDate "2019.06.03"]
[SourceVersion "1"]
[SourceVersionDate "2019.06.03"]
[SourceQuality "1"]
[WhiteTeam "Torokbalint"]
[BlackTeam "Kisber Aszar"]
[WhiteTeamCountry "HUN"]
[BlackTeamCountry "HUN"]

1. d4 d5 2. c4 c6 3. Nf3 Nf6 4. Nc3 dxc4 5. a4 Bf5 6. Ne5 Nbd7 7. Nxc4 Qc7 8. g3 e5 9. dxe5 Nxe5 10. Bf4 Nfd7 11. Bg2 f6 12. 0-0 0-0-0 13. Nxe5 Nxe5 14. Qb3 Qf7 15. Qxf7 Nxf7 16. a5 a6 17. e4 Be6 18. Be3 Ne5 19. Bb6 Rd2 20. Rfd1 Rxd1+ 21. Nxd1 Bb4 22. Ne3 Nd3 23. Rd1 Nxb2 24. Rb1 Nd3 25. Bf1 Ba2 26. Ra1 Bc4 27. Nxc4 Nc5 28. Rb1 1-0

[Event "HUN-chT4 Chalupetzky 1819"]
[Site "Hunagry"]
[Date "2018.11.25"]
[Round "3.2"]
[White "Horvath, Gabor1111"]
[Black "Somody, Robert"]
[Result "1/2-1/2"]
[WhiteElo "1928"]
[BlackElo "1968"]
[PlyCount "44"]
[EventDate "2018.10.14"]
[EventType "team-tourn"]
[EventRounds "10"]
[EventCountry "HUN"]
[SourceTitle "EXT 2020"]
[Source "ChessBase"]
[SourceDate "2019.10.17"]
[SourceVersion "1"]
[SourceVersionDate "2019.10.17"]
[SourceQuality "1"]
[WhiteTeam "KSE Level"]
[BlackTeam "Toltestava Tornado"]
[WhiteTeamCountry "HUN"]
[BlackTeamCountry "HUN"]

1. e4 c6 2. d4 d5 3. Nc3 dxe4 4. Nxe4 Bf5 5. Ng3 Bg6 6. h4 h6 7. Nf3 Nd7 8. h5 Bh7 9. Bd3 Bxd3 10. Qxd3 Qc7 11. Bd2 e6 12. 0-0-0 Ngf6 13. Ne4 0-0-0 14. Nxf6 Nxf6 15. Qe2 Rd5 16. c4 Rxh5 17. Rhe1 Bd6 18. g3 c5 19. Kb1 cxd4 20. Nxd4 Re5 21. Be3 a6 22. Nf3 Re4 1/2-1/2

[Event "HUN-chT4 Chalupetzky 1718"]
[Site "Hungary"]
[Date "2017.12.10"]
[Round "4.3"]
[White "Balogh, Tibor"]
[Black "Somody, Robert"]
[Result "1/2-1/2"]
[WhiteElo "1817"]
[BlackElo "1923"]
[PlyCount "87"]
[EventDate "2017.10.15"]
[EventType "team-tourn"]
[EventRounds "7"]
[EventCountry "HUN"]
[SourceTitle "EXT 2019"]
[Source "ChessBase"]
[SourceDate "2018.10.10"]
[SourceVersion "1"]
[SourceVersionDate "2018.10.10"]
[SourceQuality "1"]
[WhiteTeam "Gyor Szechenyi"]
[BlackTeam "Toltestava Tornado"]
[WhiteTeamCountry "HUN"]
[BlackTeamCountry "HUN"]

1. e4 c6 2. d4 d5 3. e5 Bf5 4. Bd3 Bxd3 5. Qxd3 e6 6. Nf3 Qb6 7. Qb3 Ne7 8. Qxb6 axb6 9. Be3 Nd7 10. 0-0 b5 11. c3 Nb6 12. b3 Nf5 13. Nbd2 Be7 14. Bg5 Bxg5 15. Nxg5 b4 16. g4 Nh6 17. cxb4 Nxg4 18. a4 Nh6 19. a5 Nd7 20. Rfc1 Nf5 21. Ngf3 Nb8 22. b5 Ne7 23. b6 Na6 24. Ra4 Ng6 25. Kf1 0-0 26. Rc3 Rac8 27. b4 f6 28. Re3 fxe5 29. Nxe5 Nxe5 30. Rxe5 Rce8 31. Nb3 Rf4 32. Re2 Kf7 33. Kg2 Re7 34. Kg3 g5 35. Re3 Kf6 36. Rf3 Rxf3+ 37. Kxf3 e5 38. dxe5+ Kxe5 39. Nc5 Kd6 40. Nxa6 bxa6 41. Ra3 Re4 42. Rb3 Rh4 43. Kg2 Kd7 44. Kg3 1/2-1/2

[Event "HUN-chT4 Chalupetzky 1718"]
[Site "Hungary"]
[Date "2017.11.19"]
[Round "3.3"]
[White "Kurcsics, Erika"]
[Black "Somody, Robert"]
[Result "0-1"]
[WhiteElo "1910"]
[BlackElo "1923"]
[PlyCount "146"]
[EventDate "2017.10.15"]
[EventType "team-tourn"]
[EventRounds "7"]
[EventCountry "HUN"]
[SourceTitle "EXT 2019"]
[Source "ChessBase"]
[SourceDate "2018.10.10"]
[SourceVersion "1"]
[SourceVersionDate "2018.10.10"]
[SourceQuality "1"]
[WhiteTeam "Lovo"]
[BlackTeam "Toltestava Tornado"]
[WhiteTeamCountry "HUN"]
[BlackTeamCountry "HUN"]

1. e4 c6 2. Nc3 d5 3. g3 dxe4 4. Nxe4 Bf5 5. Bg2 e6 6. d4 Nf6 7. Nxf6+ Qxf6 8. Bf4 Qg6 9. c3 Nd7 10. Nf3 Be7 11. 0-0 0-0 12. Qb3 Bd3 13. Rfe1 b5 14. Qd1 Rac8 15. Rc1 Rfd8 16. Re3 Bf5 17. c4 bxc4 18. Rxc4 Bf6 19. Ne5 Bxe5 20. Bxe5 f6 21. Bf4 e5 22. dxe5 fxe5 23. Bxe5 Nxe5 24. Rd4 Nf7 25. Qe1 Ng5 26. Rxd8+ Rxd8 27. h4 Ne6 28. Bxc6 h5 29. Bg2 Nd4 30. Qa5 Qb6 31. Qe1 Bg6 32. Qc1 Nf5 33. Rb3 Qd4 34. Qg5 Kh7 35. Bf3 Nh6 36. Rb7 Rf8 37. Qd5 Qxd5 38. Bxd5 Ng4 39. f3 Ne3 40. Bc6 Rf7 41. Rb3 Re7 42. Kf2 Nd1+ 43. Kf1 Bc2 44. Be4+ Bxe4 45. fxe4 Rxe4 46. Rb7 Ne3+ 47. Kf2 Ng4+ 48. Kf3 Re3+ 49. Kf4 Re2 50. a3 a5 51. Rb5 g6 52. Rb3 Kh6 53. Kf3 Rf2+ 54. Ke4 Re2+ 55. Kf3 Rd2 56. Kf4 Rd4+ 57. Kf3 Kg7 58. Rb5 a4 59. Ra5 Kf6 60. Rb5 Ne5+ 61. Ke3 Rg4 62. Kf2 Kf5 63. Ra5 Re4 64. Rd5 Rc4 65. Rd2 Ng4+ 66. Kf3 Ne5+ 67. Kf2 Rc1 68. Kg2 Ke4 69. Re2+ Kd4 70. Rf2 Ke3 71. Rf4 Rc2+ 72. Kf1 Rxb2 73. Rxa4 Nf3 0-1

[Event "HUN-chT4 1617"]
[Site "Hungary"]
[Date "2017.04.23"]
[Round "7.1"]
[White "Somody, Robert"]
[Black "Kutas, Lajos Jr"]
[Result "1-0"]
[WhiteElo "1958"]
[BlackElo "1845"]
[PlyCount "111"]
[EventDate "2016.10.02"]
[EventType "team-tourn"]
[EventRounds "7"]
[EventCountry "HUN"]
[SourceTitle "EXT 2019"]
[Source "ChessBase"]
[SourceDate "2018.10.10"]
[SourceVersion "1"]
[SourceVersionDate "2018.10.10"]
[SourceQuality "1"]

1. d4 d5 2. c4 c6 3. Nf3 Nf6 4. Nc3 e6 5. Bg5 Be7 6. e3 Nbd7 7. Bd3 b6 8. 0-0 0-0 9. Qc2 h6 10. Bh4 Bb7 11. Rfd1 Rc8 12. Rac1 Kh8 13. Qe2 c5 14. cxd5 Nxd5 15. Bg3 Bf6 16. Nxd5 exd5 17. Bf5 c4 18. Ne5 Bc6 19. Nxc6 Rxc6 20. Qf3 Nb8 21. Bxb8 Qxb8 22. Qxd5 Qc7 23. Be4 Re6 24. Rxc4 Qe7 25. Bf5 Rd6 26. Qe4 g6 27. Qxe7 Bxe7 28. Bh3 a5 29. Rdc1 Kg7 30. g3 Rfd8 31. Rc7 Bg5 32. f4 Bf6 33. Rb7 Rf8 34. Rbc7 Rfd8 35. R7c6 Kf8 36. Rxd6 Rxd6 37. Bg2 Bd8 38. Kf2 b5 39. d5 f5 40. Ke2 b4 41. Rc6 Ke7 42. Kd3 Bb6 43. Rc8 Bd8 44. h3 Kd7 45. Rc2 h5 46. g4 hxg4 47. hxg4 fxg4 48. e4 g5 49. e5 Rb6 50. f5 b3 51. axb3 Rxb3+ 52. Kd2 a4 53. d6 Ba5+ 54. Ke2 Bb6 55. Bc6+ Kd8 56. e6 1-0

[Event "HUN-chT4 1617"]
[Site "Hungary"]
[Date "2017.03.19"]
[Round "6.4"]
[White "Bodor, Gergely"]
[Black "Somody, Robert"]
[Result "0-1"]
[WhiteElo "1770"]
[BlackElo "1958"]
[PlyCount "42"]
[EventDate "2016.10.02"]
[EventType "team-tourn"]
[EventRounds "7"]
[EventCountry "HUN"]
[SourceTitle "EXT 2019"]
[Source "ChessBase"]
[SourceDate "2018.10.10"]
[SourceVersion "1"]
[SourceVersionDate "2018.10.10"]
[SourceQuality "1"]

1. e4 Nc6 2. d4 d5 3. exd5 Qxd5 4. Nf3 Bg4 5. c4 Qh5 6. Be2 0-0-0 7. Be3 Nf6 8. Nc3 e5 9. d5 Bb4 10. Qa4 Nd4 11. Bxd4 exd4 12. Qxb4 dxc3 13. Qxc3 Rhe8 14. Qd3 Rxe2+ 15. Kxe2 Re8+ 16. Kf1 Ne4 17. Re1 Bxf3 18. gxf3 Qh3+ 19. Kg1 Re5 20. Rxe4 Rg5+ 21. Rg4 Rxg4+ 0-1

[Event "HUN-chT2 Breyer 1617"]
[Site "Hungary"]
[Date "2017.03.12"]
[Round "8.10"]
[White "Ruip, Janos"]
[Black "Somody, Robert"]
[Result "1-0"]
[WhiteElo "2109"]
[BlackElo "1959"]
[PlyCount "67"]
[EventDate "2016.10.30"]
[EventType "team-tourn"]
[EventRounds "9"]
[EventCountry "HUN"]
[SourceTitle "EXT 2021"]
[Source "ChessBase"]
[SourceDate "2020.10.23"]
[SourceVersion "1"]
[SourceVersionDate "2020.10.23"]
[SourceQuality "1"]
[WhiteTeam "Biatorbagy"]
[BlackTeam "Kisber Aszar"]
[WhiteTeamCountry "HUN"]
[BlackTeamCountry "HUN"]

1. e4 Nc6 2. d4 d5 3. e5 Bf5 4. c3 Qd7 5. Bb5 f6 6. f4 0-0-0 7. Nf3 e6 8. 0-0 Nge7 9. Nbd2 Ng6 10. Nb3 Bg4 11. Na5 Bxf3 12. Rxf3 Nge7 13. Qb3 Qe8 14. Bxc6 bxc6 15. Nb7 Nf5 16. Nxd8 Qxd8 17. Qa4 Kb7 18. b4 Qd7 19. Rb1 a6 20. Rf2 g5 21. Rfb2 fxe5 22. fxe5 Be7 23. b5 cxb5 24. Rxb5+ axb5 25. Rxb5+ Qxb5 26. Qxb5+ Kc8 27. Qc6 Rf8 28. Qxe6+ Kd8 29. Qxd5+ Kc8 30. Bxg5 Kb8 31. Bxe7 Nxe7 32. Qc5 Rf7 33. Qb5+ Ka7 34. Qa4+ 1-0

[Event "HUN-chT2 Breyer 1617"]
[Site "Hungary"]
[Date "2017.02.12"]
[Round "6.7"]
[White "Somody, Robert"]
[Black "Bognar, Attila"]
[Result "1-0"]
[WhiteElo "1967"]
[BlackElo "1846"]
[PlyCount "99"]
[EventDate "2016.10.30"]
[EventType "team-tourn"]
[EventRounds "9"]
[EventCountry "HUN"]
[SourceTitle "EXT 2021"]
[Source "ChessBase"]
[SourceDate "2020.10.23"]
[SourceVersion "1"]
[SourceVersionDate "2020.10.23"]
[SourceQuality "1"]
[WhiteTeam "Kisber Aszar"]
[BlackTeam "Nyergesujfalu"]
[WhiteTeamCountry "HUN"]
[BlackTeamCountry "HUN"]

1. d4 d5 2. c4 c6 3. Nf3 Nf6 4. Nc3 g6 5. g3 Bg7 6. Bg2 0-0 7. 0-0 Nbd7 8. cxd5 cxd5 9. Qb3 Nb6 10. Ne5 Be6 11. Rd1 Ng4 12. Nxg4 Bxg4 13. a4 a5 14. h3 Be6 15. Bf4 Rc8 16. Qb5 Bd7 17. Qxa5 Bc6 18. Qb4 e6 19. Bd6 Re8 20. Bc5 Nd7 21. Nb5 b6 22. Bd6 Bxb5 23. Qxb5 Rc4 24. e3 Qc8 25. Bf1 Rc6 26. Qb4 Rd8 27. Bb5 Rc2 28. Be7 Re8 29. Qd6 Rc7 30. Bg5 Bf8 31. Qf4 f6 32. Bxf6 Nxf6 33. Qxf6 Ree7 34. Bd3 Bg7 35. Qf4 e5 36. dxe5 Bxe5 37. Qf3 Qxh3 38. Qxd5+ Kg7 39. Bf1 Qg4 40. Bg2 Bxb2 41. Bf3 Qc4 42. Rab1 Be5 43. Rxb6 Qxa4 44. Re6 Rxe6 45. Qxe6 Bf6 46. Kg2 Re7 47. Qc8 Qe8 48. Rd8 Qb5 49. Rh8 Rf7 50. Rg8+ 1-0

[Event "HUN-chT4a 1415"]
[Site "Hungary"]
[Date "2015.01.18"]
[Round "4.2"]
[White "Somody, Robert"]
[Black "Vasvari, Attila"]
[Result "1-0"]
[WhiteElo "1949"]
[BlackElo "1618"]
[PlyCount "59"]
[EventDate "2014.10.19"]
[EventType "team-tourn"]
[EventRounds "7"]
[EventCountry "HUN"]
[SourceTitle "EXT 2016"]
[Source "ChessBase"]
[SourceDate "2015.10.08"]
[SourceVersion "1"]
[SourceVersionDate "2015.10.08"]
[SourceQuality "1"]

1. d4 d5 2. c4 c6 3. Nf3 Nf6 4. Nc3 e6 5. Bg5 Be7 6. e3 Qa5 7. cxd5 exd5 8. Bd3 Bg4 9. 0-0 Nbd7 10. a3 Qd8 11. Rc1 0-0 12. Qc2 Bxf3 13. gxf3 g6 14. b4 a5 15. Rb1 axb4 16. axb4 b6 17. Na4 b5 18. Nc3 Nh5 19. Bh6 Re8 20. f4 Qc8 21. f5 Ndf6 22. Ne2 Ng4 23. Bf4 Nxf4 24. Nxf4 g5 25. Ne2 Ra4 26. h3 Nh6 27. Rfc1 Rxb4 28. Rxb4 Bxb4 29. Qxc6 Qxc6 30. Rxc6 1-0

[Event "HUN-chT4 1314"]
[Site "Hungary"]
[Date "2014.04.06"]
[Round "9.3"]
[White "Somody, Robert"]
[Black "Koberl, Sandor"]
[Result "1-0"]
[WhiteElo "1966"]
[BlackElo "1768"]
[PlyCount "63"]
[EventDate "2013.10.13"]
[EventType "team-tourn"]
[EventRounds "11"]
[EventCountry "HUN"]
[SourceTitle "EXT 2016"]
[Source "ChessBase"]
[SourceDate "2015.10.08"]
[SourceVersion "1"]
[SourceVersionDate "2015.10.08"]
[SourceQuality "1"]

1. d4 d5 2. Nf3 g6 3. Nc3 Bg7 4. Bf4 a6 5. Qd2 Bg4 6. Ne5 Be6 7. 0-0-0 f6 8. Nd3 b6 9. h4 h5 10. f3 Nc6 11. e3 Bh6 12. Bxh6 Nxh6 13. Nf4 Bf7 14. Bd3 Rg8 15. e4 Nxd4 16. exd5 Nhf5 17. Be4 Nb5 18. Nxh5 gxh5 19. Bxf5 Nd6 20. Bd3 Bg6 21. Rdg1 Bxd3 22. Qxd3 Rg7 23. g4 Kf7 24. gxh5 Rxg1+ 25. Rxg1 Qh8 26. Qg6+ Kf8 27. h6 Nf7 28. h7 Ke8 29. Qg8+ Kd7 30. Qxf7 Rf8 31. Qe6+ Kd8 32. Rg8 1-0

[Event "HUN-chT4 1314"]
[Site "Hungary"]
[Date "2013.12.08"]
[Round "5.1"]
[White "Somody, Robert"]
[Black "Horvath, Gabor"]
[Result "1/2-1/2"]
[WhiteElo "1953"]
[BlackElo "2069"]
[PlyCount "62"]
[EventDate "2013.10.13"]
[EventType "team-tourn"]
[EventRounds "11"]
[EventCountry "HUN"]
[SourceTitle "EXT 2016"]
[Source "ChessBase"]
[SourceDate "2015.10.08"]
[SourceVersion "1"]
[SourceVersionDate "2015.10.08"]
[SourceQuality "1"]

1. d4 Nf6 2. Nf3 e6 3. Bg5 d5 4. Nbd2 Be7 5. e3 0-0 6. Bd3 b6 7. Ne5 Bb7 8. Bxf6 Bxf6 9. 0-0 Bxe5 10. dxe5 Nd7 11. f4 Nc5 12. Qh5 Nxd3 13. cxd3 c5 14. Rf3 f5 15. Rh3 h6 16. Qg6 Qe8 17. Rxh6 Qxg6 18. Rxg6 Kf7 19. Rg3 Ba6 20. d4 Bd3 21. Nf3 c4 22. Ng5+ Ke7 23. Rh3 Rh8 24. Rxh8 Rxh8 25. h3 b5 26. Kf2 a5 27. Ke1 Rb8 28. Kd2 b4 29. g3 g6 30. Nf3 Be4 31. Ng5 Bd3 1/2-1/2

[Event "HUN-chT2 Breyer 1112"]
[Site "Hungary"]
[Date "2012.04.22"]
[Round "9.4"]
[White "Bereczki, Istvan"]
[Black "Somody, Robert"]
[Result "1-0"]
[WhiteElo "2107"]
[BlackElo "1931"]
[PlyCount "107"]
[EventDate "2011.09.25"]
[EventType "team-tourn"]
[EventRounds "11"]
[EventCountry "HUN"]
[SourceTitle "EXT 2013"]
[Source "ChessBase"]
[SourceDate "2012.11.22"]
[SourceVersion "1"]
[SourceVersionDate "2012.11.22"]
[SourceQuality "1"]
[WhiteTeam "Szazhalombatta"]
[BlackTeam "Kisber Aszar"]
[WhiteTeamCountry "HUN"]
[BlackTeamCountry "HUN"]

1. a3 e5 2. c4 g6 3. d3 Bg7 4. Nf3 Ne7 5. g3 d6 6. Bg2 0-0 7. 0-0 f5 8. e3 Nd7 9. Nc3 Nf6 10. c5 h6 11. cxd6 cxd6 12. Qb3+ Kh7 13. e4 g5 14. exf5 Nxf5 15. h3 Rb8 16. Ne4 Qe7 17. Bd2 Be6 18. Qxe6 Qxe6 19. Nexg5+ hxg5 20. Nxg5+ Kg6 21. Nxe6 Rfc8 22. Nxg7 Kxg7 23. Bc3 Nd7 24. g4 Ne7 25. f4 Ng6 26. Be4 Nxf4 27. Rxf4 Rxc3 28. bxc3 exf4 29. Rf1 Rf8 30. Bxb7 Ne5 31. Be4 Kh6 32. Rb1 Kg5 33. Rb7 Kh4 34. Kh2 f3 35. Rh7+ Kg5 36. Kg3 Kf6 37. Rh5 Rc8 38. Rf5+ Kg7 39. c4 Rh8 40. Bxf3 Nxd3 41. Ra5 Ne5 42. Rxa7+ Kf6 43. Rb7 Rc8 44. Bd5 Nd3 45. h4 Re8 46. g5+ Kf5 47. Rf7+ Kg6 48. Rf3 Ne5 49. Rf6+ Kg7 50. Rxd6 Rb8 51. h5 Rb3+ 52. Kf4 Nd3+ 53. Kf3 Rxa3 54. h6+ 1-0

[Event "HUN-chT2 Breyer 0910"]
[Site "Hungary"]
[Date "2010.04.18"]
[Round "10"]
[White "Somody, Robert"]
[Black "Terbe, Julianna"]
[Result "1-0"]
[WhiteElo "1872"]
[BlackElo "1735"]
[PlyCount "127"]
[EventDate "2009.11.08"]
[EventType "team-tourn"]
[EventRounds "11"]
[EventCountry "HUN"]
[SourceTitle "EXT 2011"]
[Source "ChessBase"]
[SourceDate "2010.11.26"]
[SourceVersion "1"]
[SourceVersionDate "2010.11.26"]
[SourceQuality "1"]
[WhiteTeam "Kisber Aszar"]
[BlackTeam "Honved II"]
[WhiteTeamCountry "HUN"]
[BlackTeamCountry "HUN"]

1. d4 Nf6 2. Nf3 e6 3. Bg5 c5 4. e3 b6 5. Bd3 Bb7 6. Nbd2 Be7 7. Qe2 cxd4 8. exd4 d6 9. c3 Nbd7 10. Bxf6 Nxf6 11. Bb5+ Nd7 12. h4 a6 13. Bd3 Nf6 14. Ne4 Nxe4 15. Bxe4 Bxe4 16. Qxe4 d5 17. Qg4 Bf6 18. 0-0 0-0 19. Rfe1 b5 20. g3 Qd6 21. Ne5 Bxe5 22. dxe5 Qc5 23. Qd4 Rfc8 24. Rad1 Rab8 25. a3 Qc7 26. Qb4 Qd8 27. Qf4 Rc4 28. Rd4 Rbc8 29. Red1 Qb6 30. Qe3 Qb8 31. f4 g6 32. g4 Rxd4 33. Rxd4 Rc4 34. Kf2 Qd8 35. g5 Qc7 36. Ke2 Kf8 37. Kd2 Ke7 38. b3 Rxd4+ 39. Qxd4 Kd7 40. Kd3 Kc6 41. Qb4 Qd8 42. a4 Qb8 43. a5 Qd8 44. Ke2 Kc7 45. Kd2 Kc6 46. Kd3 Kc7 47. Kd4 Kb7 48. Kd3 Kc6 49. Ke3 Kc7 50. Kd4 Kb7 51. Ke3 Kc6 52. Kd2 Kc7 53. Qc5+ Kb7 54. b4 Kb8 55. Qc6 Ka7 56. Kd3 Qb8 57. Kd4 Qb7 58. Kc5 Qe7+ 59. Qd6 Qb7 60. Qd8 d4 61. cxd4 Qh1 62. Qb6+ Ka8 63. Qxa6+ Kb8 64. Qb6+ 1-0

[Event "HUN-chT2 Breyer 0910"]
[Site "Hungary"]
[Date "2010.04.11"]
[Round "9"]
[White "Pregun, Balint"]
[Black "Somody, Robert"]
[Result "1/2-1/2"]
[WhiteElo "1883"]
[BlackElo "1872"]
[PlyCount "87"]
[EventDate "2009.11.08"]
[EventType "team-tourn"]
[EventRounds "11"]
[EventCountry "HUN"]
[SourceTitle "EXT 2011"]
[Source "ChessBase"]
[SourceDate "2010.11.26"]
[SourceVersion "1"]
[SourceVersionDate "2010.11.26"]
[SourceQuality "1"]
[WhiteTeam "Geniusz Tata"]
[BlackTeam "Kisber Aszar"]
[WhiteTeamCountry "HUN"]
[BlackTeamCountry "HUN"]

1. e4 c6 2. d4 d5 3. Nc3 dxe4 4. Nxe4 Bf5 5. Ng3 Bg6 6. h4 h6 7. Nf3 Nd7 8. h5 Bh7 9. Bd3 Bxd3 10. Qxd3 e6 11. Bd2 Qc7 12. 0-0-0 Ngf6 13. Ne4 Nxe4 14. Qxe4 Nf6 15. Qe2 0-0-0 16. g3 Bd6 17. c4 c5 18. Bc3 cxd4 19. Nxd4 a6 20. Kb1 Rd7 21. Rhe1 Rhd8 22. Nb3 Be7 23. Rc1 Bc5 24. Nxc5 Qxc5 25. Bxf6 Qf5+ 26. Rc2 Qxf6 27. c5 Rd4 28. c6 b5 29. c7 R8d7 30. f4 Qf5 31. Qf3 Rxc7 32. Rec1 Rxc2 33. Rxc2+ Rc4 34. Qa8+ Kc7 35. Qa7+ Kc6 36. Qxa6+ Kc5 37. Qc8+ Kd4 38. Qd7+ Kc5 39. Qc7+ Kb4 40. Qd6+ Ka5 41. Qa3+ Kb6 42. Qd6+ Kb7 43. Qd7+ Ka8 44. Qd8+ 1/2-1/2